000 00611nam a2200205 a 4500
003 BD-DhJNU
005 20260112054022.0
008 251001s1979 ii a b 001 0 eng
020 _a8170963516
040 _aBD-DhJNU
_bENG
_cBD-DhJNU
_dBD-DhJNU
082 0 0 _a910.72 SIE
_223
100 1 _aSingh, R. L.
245 1 0 _aElements of practical geography /
_cR. L. Singh
260 _aNew Delhi :
_bKalyani Publishers,
_c1979.
300 _a456 p. :
_bill. ;
_c23 cm.
504 _aIncludes bibliographical references and index.
650 0 _aPractical geography
650 0 _aGeographical techniques
942 _cBK
999 _c2516
_d2516